| 000 | 00785cam a2200265 4500 | ||
|---|---|---|---|
| 001 | 2533881 | ||
| 003 | OSt | ||
| 005 | 20180116183010.0 | ||
| 008 | 741230s1973 nyu 000 0 eng d | ||
| 035 | _a(OCoLC)ocm01124500 | ||
| 035 | _a(NNC)2533881 | ||
| 040 |
_aZPM _cZPM _dUIU _dZCU |
||
| 082 | _a813.54 RIT 1967 | ||
| 090 |
_aDT878.Z9 _bR68 1973 |
||
| 100 | 1 |
_aRitter, E. A., _d1890- |
|
| 245 | 1 | 0 |
_aShaka Zulu; _bthe rise of the Zulu Empire, _cby E.A. Ritter. |
| 260 |
_aNew York, _bNew American Library _c[1973, c1955] |
||
| 300 |
_axx, 407p. _billus., maps. _c18cm. |
||
| 490 | 1 |
_aA Mentor book, _vMJ1231 |
|
| 600 | 0 | 0 |
_aShaka, _cZulu chief, _d1787?-1828. |
| 650 | 0 |
_aZulu (African people) _xHistory. |
|
| 830 | 0 |
_aMentor book ; _vMJ1231. |
|
| 942 |
_2ddc _cBK |
||
| 999 |
_c350241 _d350241 |
||